01219nam a2200205 a 4500008004100000020001800041050001600059100002300075245013800098260005000236300001500286350001000301650002100311650004000332995017400372995017400546999001700720952013800737952013800875150812s1998 ||||||||||||||||| || u a9780132625364 aQP 34.5 Sil aSilverthorn, Dee U10aInstructor's resources guide: human physiology: an integrated approachcby Dee U. Silverthorn, Richard D. Hill and Lawrence D. Brewer aUnited States of AmericabPrentice-Hallc1998 aPagenated. a39.68 0aHUMAN PHYSIOLOGY aHUMAN PHYSIOLOGY--INSTRUCTORS GUIDE aMEDICAL LIBRARY OPEN ACCESSe903056FCBU-SCHOOL OF MEDICINE LIBRARY (Ndola)I0.00jQP 34.5 SilM1UAVAILABLEWSep 7, 2015y903056ZMedical Library Open Access Collection aMEDICAL LIBRARY OPEN ACCESSe903057FCBU-SCHOOL OF MEDICINE LIBRARY (Ndola)I0.00jQP 34.5 SilM2UAVAILABLEWSep 7, 2015y903057ZMedical Library Open Access Collection c64115d64115 00102lcc4070a002b002cMedical Library Open Access Collectiond2023-02-09l0oQP 34.5 Silp903056r2023-02-09t1w2023-02-09y002 00102lcc4070a002b002cMedical Library Open Access Collectiond2023-02-09l0oQP 34.5 Silp903057r2023-02-09t2w2023-02-09y002